000 00991nam a2200325 a 4500
003 AR-BaBNM
005 20251128210139.0
008 082120s2002 ||||||||||||||000 | spa||
020 _a84-277-1240-5
040 _cAR-BaBNM
100 1 _aVelázquez de Castro, Federico
245 0 0 _aTemas de educación ambiental en las ciencias de la vida
260 _aMadrid
_bNarcea
_c1998
300 _a220 p.
_bil., gráfs.
490 0 _aSecundaria para todos
500 _aContiene referencias bibliográficas
500 _aContiene glosario de términos científicos
500 _aAnexos: carta europea del agua / carta europea de la salud y el medio ambiente
650 4 _aEDUCACION AMBIENTAL
650 4 _aACTIVIDADES
650 4 _aMEDIO AMBIENTE
650 4 _aQUIMICA
650 4 _aBIOLOGIA
653 _aTEMAS TRANSVERSALES
653 _aCONTENIDOS CURRICULARES
653 _aBIODIVERSIDAD
700 1 _aFernández, María del Carmen
942 _cBK
998 _cRaquel
999 _c14248
_d14248